| 000 | 00344nam a22001337a 4500 | ||
|---|---|---|---|
| 082 |
_a519.5 _bMIL _cN-01, P-145 |
||
| 100 |
_aFreuds, John E. _939545 |
||
| 245 | _aMathematical Statistics | ||
| 250 | _a6th ed. | ||
| 300 |
_avii, 624p. : _bill. : _c10 Cm |
||
| 526 |
_a0 _b0 _c0 _d519_500000000000000_MIL |
||
| 650 |
_aNUST _96342 |
||
| 942 |
_2ddc _cBK |
||
| 999 |
_c544013 _d544013 |
||